| 000 | 00641nab a2200217 a 4500 | ||
|---|---|---|---|
| 005 | 20210219161550.0 | ||
| 008 | 991125s1985 mx 000 0 spa u | ||
| 035 | _aUPN01000187507 | ||
| 100 | 1 | _aLindberg, Ingemar | |
| 222 | 0 | _aBOLETIN INTERNACIONAL DE INVESTIGACION SINDICAL | |
| 245 | 0 | 0 | _aLa crisis financiera y las organizaciones de trabajadores en Suecia entre 1990 y 1994 |
| 260 | _aGinebra, Suiza | ||
| 300 | _a27-45 | ||
| 362 | 0 | _a2012 Vol. 2, no. 1 | |
| 653 | 0 | _aCRISIS FINANCIERA | |
| 653 | 0 | _aESTRATEGIA SINDICAL | |
| 653 | 0 | _aPOLITICA SALARIAL | |
| 700 | 1 | _aRyner, Magnus, | |
| 700 | 1 | _ecoaut. | |
| 905 | _aArticulo | ||
| 999 |
_c159610 _d159610 |
||